Investigation into shared ownership (Record no. 122344)

MARC details
000 -LEADER
fixed length control field 01092nam a22002657a 4500
005 - DATE AND TIME OF LATEST TRANSACTION
control field 20260408150327.0
008 - FIXED-LENGTH DATA ELEMENTS--GENERAL INFORMATION
fixed length control field 260408t2026 xxk||||| ||||o00| 0 eng d
041 ## - LANGUAGE CODE
Language code of text/sound track or separate title eng
110 2# - MAIN ENTRY--CORPORATE NAME
Corporate author National Audit Office
245 ## - TITLE STATEMENT
Title Investigation into shared ownership
260 ## - PUBLICATION INFORMATION
Publisher National Audit Office and Ministry of Housing, Communities & Local Government,
Date March 2026
300 ## - PHYSICAL DESCRIPTION
Physical description 39p.
490 ## - SERIES TITLE
Series statement HC
Volume 1742
520 ## - ABSTRACT
Abstract This report sets out the facts on how the shared ownership model in England works, the challenges that affect shared ownership, redress (routes for complaints and resolution) for shared owners, and improvements made to the model by MHCLG and Homes England.
650 ## - KEYWORDS
Keywords AFFORDABLE HOUSING
650 ## - KEYWORDS
Keywords HOUSING ACT 1980
650 ## - KEYWORDS
Keywords LANDLORD AND TENANT
650 ## - KEYWORDS
Keywords RESIDENTIAL PROPERTY
650 ## - KEYWORDS
Keywords SHARED OWNERSHIP
651 ## - SUBJECT ADDED ENTRY--GEOGRAPHIC NAME
Geographic name England
690 ## - BROAD SUBJECT
Broad subject Residential property
9 (RLIN) 6266
700 ## - ADDED PERSONAL NAME
Added personal author Davies, Gareth
856 ## - ONLINE RESOURCE
Uniform Resource Identifier <a href="https://www.nao.org.uk/wp-content/uploads/2026/03/investigation-into-shared-ownership.pdf">https://www.nao.org.uk/wp-content/uploads/2026/03/investigation-into-shared-ownership.pdf</a>
Public note View report
942 ## - ADDED ENTRY ELEMENTS (KOHA)
Suppress in OPAC Do not suppress in OPAC
Holdings
Lost status Damaged status Not for loan Home library Current library Shelving location Date acquired Total Checkouts Full call number Date last seen Price effective from Koha item type
      Virtual Virtual Online 08/04/2026   ONLINE PUBLICATION 08/04/2026 08/04/2026 Online material